11 players from the BEST Manchester United - Statistiques

Statistiques générales
  • Ce quiz a été pris 160 fois
  • Le résultat moyen est 8 sur 11
Statistiques - réponses
Hint Réponse % Correct
2003 - 2009 Cristiano Ronaldo
95%
2004 - 2017 Wayne Rooney
93%
2020 - 2025 Bruno Fernandes
79%
2002 - 2014 Rio Ferdinand
78%
2006 - 2014 Patrice Evra
73%
1994 - 2013 Paul Scholes
71%
2006 - 2014 Nemanja Vidic
66%
1992 - 1997 Eric Cantona
62%
1991 - 2011 Gary Neville
61%
1991 - 1999 Peter Schmeichel
54%
1993 - 2005 Roy Keane
45%
Aucun quiz correspondant
Distribution des résultats
% des personnes avec chaque résultat
Percentile par nombre de réponses
Votre historique - résultats
Vous n’avez pas pris ce quiz